000 00711nam a2200205Ii 4500
003 JO-AjNU
008 230605s9999||||xx |||||||||||||| ||und||
040 _aJO-AjNU
_bara
_erda
_cJO-AjNU
041 _aara
050 1 4 _aDS83.4.A44.B37 1999
100 3 _aبيضون، ابراهيم,
_eauthor
_913446
245 0 0 _aالإمام علي في رؤية النهج ورواية التاريخ
250 _aط1
264 3 1 _aبيروت: بيسان للنشر والتوزيع والاعلام، 1999
300 _a224ص
336 _atext
_btxt
_2rdacontent
337 _aunmediated
_bn
_2rdamedia
338 _avolume
_bnc
_2rdacarrier
650 4 _aالامام علي- تراجم- تاريخ اسلامي
_913447
999 _aA3350
_c6918
_d6918